<?xml version="1.0" encoding="UTF-8"?>
<record
    xmlns:xsi="http://www.w3.org/2001/XMLSchema-instance"
    xsi:schemaLocation="http://www.loc.gov/MARC21/slim http://www.loc.gov/standards/marcxml/schema/MARC21slim.xsd"
    xmlns="http://www.loc.gov/MARC21/slim">

  <leader>02852nam a22003617a 4500</leader>
  <controlfield tag="005">20120125153216.0</controlfield>
  <datafield tag="010" ind1=" " ind2=" ">
    <subfield code="a">B-481308-319</subfield>
  </datafield>
  <datafield tag="020" ind1=" " ind2=" ">
    <subfield code="a">9788124305720</subfield>
    <subfield code="c">55.00</subfield>
  </datafield>
  <datafield tag="035" ind1=" " ind2=" ">
    <subfield code="a">B-481308-319</subfield>
  </datafield>
  <datafield tag="037" ind1=" " ind2=" ">
    <subfield code="a">dpl</subfield>
    <subfield code="b">Blue Berry/Ven</subfield>
  </datafield>
  <datafield tag="082" ind1=" " ind2=" ">
    <subfield code="a">S</subfield>
  </datafield>
  <datafield tag="100" ind1=" " ind2=" ">
    <subfield code="a">Jain, Meenakshi G.</subfield>
    <subfield code="9">52919</subfield>
  </datafield>
  <datafield tag="245" ind1=" " ind2=" ">
    <subfield code="a">Tanu:</subfield>
    <subfield code="c">by Meenakshi G. Jain; edited by Asmita Bhatt; illustrated by Siddhartha Mukherjee</subfield>
    <subfield code="b">a journey into the fascinating world of a cute little girl /</subfield>
  </datafield>
  <datafield tag="260" ind1=" " ind2=" ">
    <subfield code="a"> New Delhi</subfield>
    <subfield code="b">Navneet Publications</subfield>
  </datafield>
  <datafield tag="270" ind1=" " ind2=" ">
    <subfield code="a">2-E/23, Orion Plaza, 2nd Floor Jhandewalan Extn.,</subfield>
    <subfield code="b">New Delhi</subfield>
    <subfield code="e">110055</subfield>
  </datafield>
  <datafield tag="300" ind1=" " ind2=" ">
    <subfield code="a">47p.</subfield>
    <subfield code="b">col.ill</subfield>
    <subfield code="c">27cm(pbk)</subfield>
  </datafield>
  <datafield tag="490" ind1=" " ind2=" ">
    <subfield code="a">Interesting original stories for children</subfield>
    <subfield code="9">52920</subfield>
  </datafield>
  <datafield tag="700" ind1=" " ind2=" ">
    <subfield code="a">Sethi, Anuradha</subfield>
    <subfield code="9">40167</subfield>
  </datafield>
  <datafield tag="942" ind1=" " ind2=" ">
    <subfield code="2">ddc</subfield>
    <subfield code="c">CH</subfield>
    <subfield code="h">S</subfield>
    <subfield code="m">JAI</subfield>
  </datafield>
  <datafield tag="999" ind1=" " ind2=" ">
    <subfield code="c">61505</subfield>
    <subfield code="d">61505</subfield>
  </datafield>
  <datafield tag="952" ind1=" " ind2=" ">
    <subfield code="0">0</subfield>
    <subfield code="1">5</subfield>
    <subfield code="4">0</subfield>
    <subfield code="7">0</subfield>
    <subfield code="8">FIC</subfield>
    <subfield code="a">L</subfield>
    <subfield code="b">L</subfield>
    <subfield code="d">2012-10-05</subfield>
    <subfield code="e">Blue Berry/IN8485/14.04.2012/43/20.03.2012/19.06.2012</subfield>
    <subfield code="g">55.00</subfield>
    <subfield code="l">2</subfield>
    <subfield code="o">S JAI</subfield>
    <subfield code="p">B-481308</subfield>
    <subfield code="r">2017-06-13 00:00:00</subfield>
    <subfield code="s">2017-05-31</subfield>
    <subfield code="t">1</subfield>
    <subfield code="v">55.00</subfield>
    <subfield code="y">CH</subfield>
  </datafield>
  <datafield tag="952" ind1=" " ind2=" ">
    <subfield code="0">0</subfield>
    <subfield code="1">0</subfield>
    <subfield code="4">0</subfield>
    <subfield code="7">0</subfield>
    <subfield code="8">FIC</subfield>
    <subfield code="a">BL1</subfield>
    <subfield code="b">BL1</subfield>
    <subfield code="d">2012-10-05</subfield>
    <subfield code="e">Blue Berry/IN8485/14.04.2012/43/20.03.2012/19.06.2012</subfield>
    <subfield code="g">55.00</subfield>
    <subfield code="l">5</subfield>
    <subfield code="m">1</subfield>
    <subfield code="o">S JAI</subfield>
    <subfield code="p">B-481309</subfield>
    <subfield code="r">2019-12-20 00:00:00</subfield>
    <subfield code="s">2019-12-13</subfield>
    <subfield code="t">1</subfield>
    <subfield code="v">55.00</subfield>
    <subfield code="w">2012-10-05</subfield>
    <subfield code="y">CH</subfield>
  </datafield>
  <datafield tag="952" ind1=" " ind2=" ">
    <subfield code="0">0</subfield>
    <subfield code="1">0</subfield>
    <subfield code="4">0</subfield>
    <subfield code="7">0</subfield>
    <subfield code="8">FIC</subfield>
    <subfield code="a">KGM</subfield>
    <subfield code="b">KGM</subfield>
    <subfield code="d">2012-10-05</subfield>
    <subfield code="e">Blue Berry/IN8485/14.04.2012/43/20.03.2012/19.06.2012</subfield>
    <subfield code="g">55.00</subfield>
    <subfield code="l">0</subfield>
    <subfield code="o">S JAI</subfield>
    <subfield code="p">B-481310</subfield>
    <subfield code="r">2012-10-05 00:00:00</subfield>
    <subfield code="t">1</subfield>
    <subfield code="v">55.00</subfield>
    <subfield code="w">2012-10-05</subfield>
    <subfield code="y">CH</subfield>
  </datafield>
  <datafield tag="952" ind1=" " ind2=" ">
    <subfield code="0">0</subfield>
    <subfield code="1">0</subfield>
    <subfield code="4">0</subfield>
    <subfield code="7">0</subfield>
    <subfield code="8">FIC</subfield>
    <subfield code="a">PR</subfield>
    <subfield code="b">PR</subfield>
    <subfield code="d">2012-10-05</subfield>
    <subfield code="e">Blue Berry/IN8485/14.04.2012/43/20.03.2012/19.06.2012</subfield>
    <subfield code="g">55.00</subfield>
    <subfield code="l">0</subfield>
    <subfield code="o">S JAI</subfield>
    <subfield code="p">B-481311</subfield>
    <subfield code="r">2012-10-05 00:00:00</subfield>
    <subfield code="t">1</subfield>
    <subfield code="v">55.00</subfield>
    <subfield code="w">2012-10-05</subfield>
    <subfield code="y">CH</subfield>
  </datafield>
  <datafield tag="952" ind1=" " ind2=" ">
    <subfield code="0">0</subfield>
    <subfield code="1">0</subfield>
    <subfield code="4">0</subfield>
    <subfield code="7">0</subfield>
    <subfield code="8">FIC</subfield>
    <subfield code="a">TN</subfield>
    <subfield code="b">TN</subfield>
    <subfield code="d">2012-10-05</subfield>
    <subfield code="e">Blue Berry/IN8485/14.04.2012/43/20.03.2012/19.06.2012</subfield>
    <subfield code="g">55.00</subfield>
    <subfield code="l">6</subfield>
    <subfield code="m">2</subfield>
    <subfield code="o">S JAI</subfield>
    <subfield code="p">B-481312</subfield>
    <subfield code="r">2024-03-19 00:00:00</subfield>
    <subfield code="s">2024-03-05</subfield>
    <subfield code="t">1</subfield>
    <subfield code="v">55.00</subfield>
    <subfield code="w">2012-10-05</subfield>
    <subfield code="y">CH</subfield>
  </datafield>
  <datafield tag="952" ind1=" " ind2=" ">
    <subfield code="0">0</subfield>
    <subfield code="1">0</subfield>
    <subfield code="4">0</subfield>
    <subfield code="7">0</subfield>
    <subfield code="8">FIC</subfield>
    <subfield code="a">CJ</subfield>
    <subfield code="b">CJ</subfield>
    <subfield code="d">2012-10-05</subfield>
    <subfield code="e">Blue Berry/IN8485/14.04.2012/43/20.03.2012/19.06.2012</subfield>
    <subfield code="g">55.00</subfield>
    <subfield code="l">0</subfield>
    <subfield code="o">S JAI</subfield>
    <subfield code="p">B-481313</subfield>
    <subfield code="r">2012-10-05 00:00:00</subfield>
    <subfield code="t">1</subfield>
    <subfield code="v">55.00</subfield>
    <subfield code="w">2012-10-05</subfield>
    <subfield code="y">CH</subfield>
  </datafield>
  <datafield tag="952" ind1=" " ind2=" ">
    <subfield code="0">0</subfield>
    <subfield code="1">0</subfield>
    <subfield code="4">0</subfield>
    <subfield code="7">0</subfield>
    <subfield code="8">FIC</subfield>
    <subfield code="a">JP</subfield>
    <subfield code="b">JP</subfield>
    <subfield code="d">2012-10-05</subfield>
    <subfield code="e">Blue Berry/IN8485/14.04.2012/43/20.03.2012/19.06.2012</subfield>
    <subfield code="g">55.00</subfield>
    <subfield code="l">14</subfield>
    <subfield code="o">S JAI</subfield>
    <subfield code="p">B-481314</subfield>
    <subfield code="r">2015-03-11 00:00:00</subfield>
    <subfield code="s">2015-02-26</subfield>
    <subfield code="t">1</subfield>
    <subfield code="v">55.00</subfield>
    <subfield code="w">2012-10-05</subfield>
    <subfield code="y">CH</subfield>
  </datafield>
  <datafield tag="952" ind1=" " ind2=" ">
    <subfield code="0">0</subfield>
    <subfield code="1">0</subfield>
    <subfield code="4">0</subfield>
    <subfield code="7">0</subfield>
    <subfield code="8">FIC</subfield>
    <subfield code="a">BL3</subfield>
    <subfield code="b">BL3</subfield>
    <subfield code="d">2012-10-05</subfield>
    <subfield code="e">Blue Berry/IN8485/14.04.2012/43/20.03.2012/19.06.2012</subfield>
    <subfield code="g">55.00</subfield>
    <subfield code="l">0</subfield>
    <subfield code="o">S JAI</subfield>
    <subfield code="p">B-481315</subfield>
    <subfield code="r">2012-10-05 00:00:00</subfield>
    <subfield code="t">1</subfield>
    <subfield code="v">55.00</subfield>
    <subfield code="w">2012-10-05</subfield>
    <subfield code="y">CH</subfield>
  </datafield>
  <datafield tag="952" ind1=" " ind2=" ">
    <subfield code="0">0</subfield>
    <subfield code="1">0</subfield>
    <subfield code="4">0</subfield>
    <subfield code="7">0</subfield>
    <subfield code="8">FIC</subfield>
    <subfield code="a">NRR</subfield>
    <subfield code="b">NRR</subfield>
    <subfield code="d">2012-10-05</subfield>
    <subfield code="e">Blue Berry/IN8485/14.04.2012/43/20.03.2012/19.06.2012</subfield>
    <subfield code="g">55.00</subfield>
    <subfield code="l">0</subfield>
    <subfield code="o">S JAI</subfield>
    <subfield code="p">B-481316</subfield>
    <subfield code="r">2012-10-05 00:00:00</subfield>
    <subfield code="t">1</subfield>
    <subfield code="v">55.00</subfield>
    <subfield code="w">2012-10-05</subfield>
    <subfield code="y">CH</subfield>
  </datafield>
  <datafield tag="952" ind1=" " ind2=" ">
    <subfield code="0">0</subfield>
    <subfield code="1">0</subfield>
    <subfield code="4">0</subfield>
    <subfield code="7">0</subfield>
    <subfield code="8">FIC</subfield>
    <subfield code="a">BKK</subfield>
    <subfield code="b">BKK</subfield>
    <subfield code="d">2012-10-05</subfield>
    <subfield code="e">Blue Berry/IN8485/14.04.2012/43/20.03.2012/19.06.2012</subfield>
    <subfield code="g">55.00</subfield>
    <subfield code="l">1</subfield>
    <subfield code="o">S JAI</subfield>
    <subfield code="p">B-481317</subfield>
    <subfield code="r">2022-10-07 00:00:00</subfield>
    <subfield code="s">2022-09-26</subfield>
    <subfield code="t">1</subfield>
    <subfield code="v">55.00</subfield>
    <subfield code="w">2012-10-05</subfield>
    <subfield code="y">CH</subfield>
  </datafield>
  <datafield tag="952" ind1=" " ind2=" ">
    <subfield code="0">0</subfield>
    <subfield code="1">5</subfield>
    <subfield code="4">0</subfield>
    <subfield code="7">0</subfield>
    <subfield code="8">FIC</subfield>
    <subfield code="a">NR</subfield>
    <subfield code="b">NR</subfield>
    <subfield code="d">2012-10-05</subfield>
    <subfield code="e">Blue Berry/IN8485/14.04.2012/43/20.03.2012/19.06.2012</subfield>
    <subfield code="g">55.00</subfield>
    <subfield code="l">0</subfield>
    <subfield code="o">S JAI</subfield>
    <subfield code="p">B-481318</subfield>
    <subfield code="r">2012-10-05 00:00:00</subfield>
    <subfield code="t">1</subfield>
    <subfield code="v">55.00</subfield>
    <subfield code="y">CH</subfield>
  </datafield>
  <datafield tag="952" ind1=" " ind2=" ">
    <subfield code="0">0</subfield>
    <subfield code="1">0</subfield>
    <subfield code="4">0</subfield>
    <subfield code="7">0</subfield>
    <subfield code="8">FIC</subfield>
    <subfield code="a">BN</subfield>
    <subfield code="b">BN</subfield>
    <subfield code="d">2012-10-05</subfield>
    <subfield code="e">Blue Berry/IN8485/14.04.2012/43/20.03.2012/19.06.2012</subfield>
    <subfield code="g">55.00</subfield>
    <subfield code="l">2</subfield>
    <subfield code="o">S JAI</subfield>
    <subfield code="p">B-481319</subfield>
    <subfield code="r">2026-03-16 00:00:00</subfield>
    <subfield code="s">2026-01-27</subfield>
    <subfield code="t">1</subfield>
    <subfield code="v">55.00</subfield>
    <subfield code="w">2012-10-05</subfield>
    <subfield code="y">CH</subfield>
  </datafield>
</record>
